|
|
|
|
| LEADER |
00000cam a2200000 i 4500 |
| 005 |
20110705150827.0 |
| 008 |
060126s2005 sp 00| 0 spa d |
| 017 |
|
|
|a M 50256-2005
|
| 020 |
|
|
|a 8473512472
|
| 035 |
|
|
|a 5545
|
| 040 |
|
|
|a Mpons
|d BUS
|d vLex
|
| 090 |
|
|
|c 2172
|d 2172
|
| 100 |
1 |
|
|a Parrado De̕z, Salvador.
|
| 245 |
1 |
0 |
|a Gua̕ para la elaboracin̤ de planes de mejora en las administraciones pb︢licas /
|c Salvador Parrado De̕z.
|h [Recurso electrn̤ico]
|
| 256 |
|
|
|a Servicio en ln̕ea.
|
| 260 |
|
|
|a Madrid :
|b Instituto Nacional de Administracin̤ Pb︢lica,
|c 2005.
|
| 300 |
|
|
|a 151 p. ;
|c 24 cm.
|
| 490 |
1 |
|
|a Manuales / Instituto Nacional de Administracin̤ Pb︢lica.
|
| 506 |
1 |
|
|a Contenido solo disponible en los productos indicados
|d vLex Global
|d vLex Global (Academic Edition, excluding Law Schools)
|d vLex Global (U.S. Academic Edition, Law Schools)
|d vLex Global (U.S. Academic Edition, excluding Law Schools)
|d vLex Global (Academic Edition, Law Schools)
|
| 650 |
0 |
7 |
|a Administracin̤ Pb︢lica
|2 Tesauro vLex
|
| 650 |
0 |
7 |
|2 Tesauro vLex
|a Administracin̤ General del Estado
|
| 650 |
0 |
7 |
|2 Tesauro vLex
|a Gobierno
|
| 740 |
0 |
|
|a vLex Libros (Servicio en ln̕ea)
|
| 810 |
2 |
|
|a Instituto Nacional de Administracin̤ Pb︢lica.
|t Manuales.
|
| 856 |
4 |
0 |
|u http://vlex.com/source/guia-elaboracion-planes-mejora-administraciones-publicas-5545
|z Acceso restringido
|
| 942 |
|
|
|c BOOK
|